000 01975nam0a2200385 4500
001 RU\NLR\bibl\66740
005 20260406071328.0
010 _a5-279-02202-0
_95000
021 _aRU
_b1999-43121
_92120
035 _a(NLR Aleph) 000065107
090 _a356521
_c356521
100 _a20000121d1999 |||y0rusy50 ca
101 0 _arus
102 _aRU
105 _aa |||||||||
200 1 _aИнформатика
_eУчеб. для студентов экон. спец. вузов
_f[Н.В. Макарова, проф., д.п.н., Л.А. Матвеев, проф., д.э.н., В.Л. Бройдо, проф., к.т.н. и др.]
_gПод ред. проф. Н.В. Макаровой
205 _a3-е перераб. изд.
210 _aМ.
_cФинансы и статистика
_d1999
215 _a765,[2] с.
_cил.
_d26
313 _a2 изд. 1998г
320 _aПредм. указ.: с. 748-758
320 _aБиблиогр. в конце разд.
606 0 _aИнформатика
_jРуководства, пособия и т.п. для высшей школы
_92081274
_3RU\NLR\auth\661257251
606 0 _aИнформатика
_jУчебные издания для высшей школы
_92081274
_3RU\NLR\auth\661257251
686 _aЗ973.233я73-1
701 1 _4070
_8rus
_7ca
_aМакарова
_bН. В.
_cд-р пед. наук; канд. техн. наук
_gНаталья Владимировна
_3RU\NLR\auth\7727924
_910955
701 1 _4070
_8rus
_7ca
_aМатвеев
_bЛ. А.
_cд-р экон. наук
_gЛеонид Анатольевич
_3RU\NLR\auth\7742130
_925076
701 1 _4070
_8rus
_7ca
_aБройдо
_bВ. Л.
_cканд. техн. наук, информ. системы
_gВладимир Львович
_3RU\NLR\auth\7741996
_924944
801 0 _aRU
_bNLR
_c20000121
_gPSBO
801 1 _aRU
_bNLR
_c20000121
830 _aАвт. по кн.
852 _aNLR
_j99-7/2731
942 _cBOOK
980 _aNB